Kikigaki Nara no shokuji /
Saved in:
| Other Authors: | |
|---|---|
| Format: | Book |
| Language: | Japanese |
| Published: |
Tōkyō :
Nō-san-gyoson Bunka Kyōkai,
1992.
|
| Series: | Nihon no shokuseikatsu zenshū ;
29. |
| Subjects: | |
| Tags: |
Add Tag
No Tags, Be the first to tag this record!
|
| LEADER | 01464nam a2200397 a 4500 | ||
|---|---|---|---|
| 001 | 009032016-6 | ||
| 005 | 20030203130246.0 | ||
| 008 | 930610s1992 ja af 001 0 jpn | ||
| 010 | |a 93160220 | ||
| 020 | |a 4540920030 : |c Y2816 | ||
| 035 | 0 | |a ocm27754931 | |
| 040 | |a DLC |c DLC |d HMY | ||
| 043 | |a a-ja--- | ||
| 050 | 0 | 0 | |a TX724.5.J3 |b N54 1984x v.29 |
| 245 | 0 | 0 | |6 880-01 |a Kikigaki Nara no shokuji / |c [henshū daihyō Fujimoto Kōhei]. |
| 260 | |6 880-02 |a Tōkyō : |b Nō-san-gyoson Bunka Kyōkai, |c 1992. | ||
| 300 | |a 348, 8 p., [16] p. of plates : |b ill. (some col.) ; |c 22 cm. | ||
| 490 | 1 | |6 880-03 |a Nihon no shokuseikatsu zenshū ; |v 29 | |
| 500 | |a A map on lining paper. | ||
| 500 | |a Includes index. | ||
| 650 | 0 | |a Cooking, Japanese. | |
| 650 | 0 | |a Cooking |z Japan |z Nara-ken. | |
| 651 | 0 | |6 880-04 |a Nara-ken (Japan) |x Social life and customs. | |
| 700 | 1 | |6 880-05 |a Fujimoto, Kōhei, |d 1923- | |
| 740 | 0 | 1 | |6 880-06 |a Nara no shokuji. |
| 880 | 0 | 0 | |6 245-01 |a 聞き書奈良の食事 / |c [編集代表藤本幸平」. |
| 880 | |6 260-02 |a 東京 : |b 農山漁村文化協会, |c 1992. | ||
| 880 | 1 | |6 490-03 |a 日本の食生活全集 ; |v 29 | |
| 880 | 0 | |6 651-04 |a 奈良県 (Japan) |x Social life and customs. | |
| 880 | 1 | |6 700-05 |a 藤本幸平, |d 1923- | |
| 880 | 0 | 1 | |6 740-06 |a 奈良の食事. |
| 830 | 0 | |6 880-53 |a Nihon no shokuseikatsu zenshū ; |v 29. | |
| 880 | 0 | |6 830-53 |a 日本の食生活全集 ; |v 29. | |
| 988 | |a 20030203 | ||
| 049 | |a HMYJ | ||
| 906 | |0 DLC | ||


